000 00428nam a2200181Ia 4500
005 20250423100525.0
008 250422s9999 xx 000 0 und d
020 _a0-13-674150-9
050 _aQC23.B817/
100 _aHans Breuer
245 0 _aPhysics for Life Science and Students
260 _aLondon
260 _bPrentice Hall Int'national
260 _c1975
300 _a453 p
650 _aPhysics
942 _cBK
999 _c33565
_d33565